Facts by 'Z' Country Quiz Stats

Quiz not verified by Sporcle

Challenge
Share
Tweet
Score 0/10 Timer 04:00
0 Plays Today
% Correct
Zimbabwe
90.9%
Zimbabwe
88.2%
Zambia
80%
Zambia
79.9%
Zimbabwe
75.9%
Zambia
71.7%
Zambia
64.9%
Zimbabwe
62.6%
Zambia
51.7%
Zimbabwe
50.4%

You're not logged in!

Compare scores with friends on all Sporcle quizzes.
Sign Up with Email
OR
Log In

You Might Also Like...

Show Comments

Extras

Top Quizzes Today


Score Distribution

Your Account Isn't Verified!

In order to create a playlist on Sporcle, you need to verify the email address you used during registration. Go to your Sporcle Settings to finish the process.